|
|
|
|
| LEADER |
01105nam a22002898a 4500 |
| 001 |
00022387 |
| 005 |
20171026081022.0 |
| 008 |
110530s2000 ||||||Viesd |
| 020 |
|
|
|c 4000
|
| 041 |
0 |
# |
|a Vie
|
| 082 |
1 |
4 |
|a 371.1
|b C455T
|
| 100 |
0 |
# |
|a Hà Nhật Thăng
|e Chủ biên
|
| 245 |
0 |
0 |
|a Công tác giáo viên chủ nhiệm ở trường phổ thông
|c Hà Nhật Thăng; Nguyễn Dục Quang, Nguyễn Thị Kỷ
|
| 250 |
# |
# |
|a Tái bản lần thứ 2
|
| 260 |
# |
# |
|a H.
|b Giáo dục
|c 2000
|
| 300 |
# |
# |
|a 71 tr.
|c 20 cm.
|
| 653 |
# |
# |
|a Chủ nhiệm
|
| 653 |
# |
# |
|a Trường phổ thông
|
| 653 |
# |
# |
|a Giáo viên
|
| 700 |
0 |
# |
|a Nguyễn Dục Quang
|
| 700 |
0 |
# |
|a Nguyễn Thị Kỷ
|
| 852 |
# |
# |
|b Kho giáo trình
|j KGT.0019047, KGT.0019048, KGT.0019049, KGT.0019050
|
| 852 |
# |
# |
|b Kho mượn
|j KGT.0019047
|
| 852 |
# |
# |
|j KD.0009083
|j KGT.0019049
|j KGT.0019050
|j KGT.0019047
|j KGT.0019048
|
| 852 |
# |
# |
|b Kho đọc
|j KD.0009083
|
| 910 |
0 |
# |
|a Đức
|d 30/05/2011
|
| 980 |
# |
# |
|a Trung tâm Học liệu Lê Vũ Hùng, Trường Đại học Đồng Tháp
|